Dynamic : engineering mechanics (Record no. 8475)

000 -LEADER
fixed length control field 00383 a2200145 4500
040 ## - CATALOGING SOURCE
Original cataloging agency DLC
Language of cataloging DLC
082 ## - DEWEY DECIMAL CLASSIFICATION NUMBER
Classification number 620.104
100 ## - MAIN ENTRY--PERSONAL NAME
Personal name Bedford, A.nthony.
245 ## - TITLE STATEMENT
Title Dynamic : engineering mechanics
Statement of responsibility, etc. A.nthony. Bedford
260 ## - PUBLICATION, DISTRIBUTION, ETC.
Place of publication, distribution, etc. Rawalpindi
Name of publisher, distributor, etc. National Book Foundation
Date of publication, distribution, etc. 1994
300 ## - PHYSICAL DESCRIPTION
Extent 551p.
Other physical details ill.
Dimensions 24 cm
500 ## - GENERAL NOTE
General note index
650 ## - SUBJECT ADDED ENTRY--TOPICAL TERM
Topical term or geographic name entry element Dynamics.
942 ## - ADDED ENTRY ELEMENTS (KOHA)
Koha item type Book
Call number prefix 520.104 BED
Source of classification or shelving scheme
Holdings
Withdrawn status Lost status Damaged status Not for loan Collection code Permanent Location Current Location Shelving location Date acquired Source of acquisition Cost, normal purchase price Total Checkouts Full call number Barcode Date last seen Price effective from Koha item type Total Renewals Date last checked out
          Central Library (CL) Central Library (CL) General Stacks 12/03/2004 Donation 0.00   520.104 BED SEECS004932 11/14/2012 01/05/2017 Book    
          Central Library (CL) Central Library (CL) General Stacks 02/28/2008 Donation   1 520.104 BED SEECS008569 09/21/2021 01/05/2017 Book 2 07/03/2021
© 2023 Central Library, National University of Sciences and Technology. All Rights Reserved.